00605nam a2200229Ia 450000500170000000800460001702000180006303700100008104000080009104000080009904000080010704100080011504100080012308400080013110000190013924500260015826000080018485600610019294200100025399900210026395200910028420260123164130.0008 260114s9999 xx 000 0 eng d a9789390464647 aEBOOK aCRL beng cCRL 2eng aeng qCRL aKumar91106308 0aFinancial derivatives bPHI uhttps://elibrary.phindia.com/ebooks/reader/9789390464647 cEBOOK c1671431d1671431 00104070aCRLbCRLd2026-01-23l0pCL1887278r2026-01-23 16:41:30w2026-01-23yEBOOK